000 01159nam a2200265 a 4500
001 000042217
005 20201002040020.0
008 131119s2013 pr 000 0 spa d
020 _a9789945581119
040 _aDO-SdBNP
_bspa
_cBNPHU
082 _a261.8
_bS612f
111 2 _aSimposio Gamaliel Ortiz : una fe que busca entendimiento
_n(3er :
_d2013
_cBayamón, P.R.)
_969240
245 1 0 _aLa fe que dialoga :
_bencuentro interreligioso ; una fe que busca entendimiento /
_ceditor Ángel Rosa Vélez ; prólogo Ángel L. Rivera Agosto.
260 _aSan Juan, Puerto Rico :
_aSanto Domingo :
_bIsla Negra,
_c2013.
300 _a184 p. ;
_c22 cm.
490 1 _aVisiones y cegueras
500 _aIncluye referencias bibliográficas y notas al pie de las páginas.
500 _aIncluye datos biográficos del autor en la solapa de la cubierta.
590 _aInventariado, 2018/ YL
650 4 _aCristianismo
_zPuerto Rico
_xCongresos, conferencias, etc.
_969241
700 1 2 _aRosa Vélez, Ángel
_d1950-
_eedt.
_91184
700 1 2 _aRivera Agosto, Ángel L.
_epról.
_969242
830 0 _aVisiones y cegueras
_91120
910 _aValidado. Control de calidad MFF
999 _c41706
_d41706